| 000 | 00348nam a22001457a 4500 | ||
|---|---|---|---|
| 003 | MACL | ||
| 005 | 20191107153422.0 | ||
| 008 | 191107b xxu||||| |||| 00| 0 eng d | ||
| 040 | _c MACL | ||
| 100 |
_aKurniawan, Eka _977041 |
||
| 245 | _aBeauty is a Wound | ||
| 260 |
_aDelhi _bTiger Pub _c2016 |
||
| 650 |
_aFiction _977042 |
||
| 942 |
_2ddc _cBK |
||
| 999 |
_c61263 _d61263 |
||